Medaliści Mistrzostw Polski 2023 - Statystyki

Ogólne statystyki
  • Ten quiz został rozwiązany 105 razy
  • Średni wynik to 25 z 34
Statystyki odpowiedzi
liczba medali osoba % Poprawnych
5 Tymon Kolasiński
100%
1 Radosław Marcinek
95%
2 Krzysztof Bober
94%
4 Adrian Dębski
93%
3 Łukasz Burliga
92%
1 Michał Krasowski
89%
2 Maciej Skowroński
88%
1 Magdalena Pabisz
88%
1 Łukasz Dubicki
84%
1 Jan Zych
83%
1 Olaf Kuźmiński
83%
1 Michał Halczuk
81%
1 Kacper Paweł Dworak
80%
2 Karol Zakrzewski
80%
1 Teodor Zajder
78%
1 Jakub Hibszer
77%
1 Radomił Baran
77%
1 Kamil Przybylski
76%
1 Wojciech Rogoziński
74%
2 Bartosz Karpiński
72%
2 Tomasz Pietruszka
70%
1 Igor Gładysz
69%
3 Mateusz Szulik
69%
2 Mikołaj Morawski
65%
1 Witold Sołtysik
65%
1 Cyprian Doza
59%
1 Eryk Kasperek
57%
1 Jan Woźniak
57%
1 Szymon Malinowski
57%
1 Ignacy Samselski
55%
1 Karol Piskorek
52%
1 Marcel Politowicz
52%
1 Jakub Majchrzak
49%
1 Mikołaj Salamon
44%
Nie znaleziono quizów pasujących do podanych kryteriów
Rozkład punktacji
Procent ludzi z każdym wynikiem
Percentyl według liczby udzielonych odpowiedzi
Twoja historia wyników
Nie rozwiązałeś tego quizu